000 00616nam a2200181Ia 4500
008 090123s9999 xx 000 0 und d
082 _b41580
100 _aनाईक संजय
245 _aनवऱ् याची बोंबाबोंब
250 _a1
260 _bपारस पब्लिकेशन कोल्हापुर
_c2007
300 _a184
600 _aनाईक संजय
630 _aनवऱ् याची बोंबाबोंब
700 _aनाईक संजय
730 _aनवऱ् याची बोंबाबोंब
942 _cBOOK
999 _c79656
_d79656